000 00762cam a22002533a 4500
001 21997
003 PGUSA
005 20140828083452.0
008 070704s2007||||xxu|||||s|||||000 1 eng d
040 _aPGUSA
_beng
042 _adc
050 4 _aPZ
100 1 _aWalton, O. F.,
_cMrs,
_d1849-1939
245 1 0 _aChristie's Old Organ :
_bOr, "Home, Sweet Home"
_h[electronic resource] /
_cO. F., Walton
260 _bProject Gutenberg,
_c2007
506 _aPublic domain in the USA.
516 _aElectronic text
653 _aFriendship -- Juvenile fiction
653 _aPoverty -- Juvenile fiction
653 _aChristian life -- Juvenile fiction
830 0 _aProject Gutenberg
_v21997
856 4 0 _uhttp://www.gutenberg.org/ebooks/21997
942 _cEB
999 _c251252
_d251252